|
|
|
|
| LEADER |
01601nam a2200445 a 4500 |
| 001 |
nkc20132439642 |
| 003 |
CZ PrNK |
| 005 |
20210208132819.0 |
| 007 |
ta |
| 008 |
130307s2013 xr a e f 001 0 cze |
| 015 |
|
|
|a cnb002439642
|
| 020 |
|
|
|a 978-80-247-3239-8
|q (brož.)
|
| 035 |
|
|
|a (OCoLC)837503397
|
| 040 |
|
|
|a ABA001
|b cze
|
| 072 |
|
7 |
|a 694
|x Dřevěné stavby. Tesařství. Truhlářství
|2 Konspekt
|9 19
|
| 080 |
|
|
|a 694.1
|2 MRF
|
| 080 |
|
|
|a 69.059.25
|2 MRF
|
| 080 |
|
|
|a 69.059.3
|2 MRF
|
| 080 |
|
|
|a (035)
|2 MRF
|
| 100 |
1 |
|
|a Pešta, Jan,
|d 1973-
|7 xx0008589
|4 aut
|
| 245 |
1 |
0 |
|a Rekonstrukce roubených staveb /
|c Jan Pešta
|
| 250 |
|
|
|a 1. vyd.
|
| 260 |
|
|
|a Praha :
|b Grada,
|c 2013
|
| 300 |
|
|
|a 304 s. :
|b barev. il. ;
|c 24 cm
|
| 504 |
|
|
|a Obsahuje bibliografii a rejstříky
|
| 650 |
0 |
7 |
|a roubené stavby
|7 ph125238
|2 czenas
|
| 650 |
0 |
7 |
|a stavební opravy
|7 ph135757
|2 czenas
|
| 650 |
0 |
7 |
|a rekonstrukce staveb
|7 ph223709
|2 czenas
|
| 650 |
0 |
9 |
|a log buildings
|2 eczenas
|
| 650 |
0 |
9 |
|a building repair
|2 eczenas
|
| 650 |
0 |
9 |
|a reconstruction of buildings
|2 eczenas
|
| 655 |
|
7 |
|a příručky
|7 fd133209
|2 czenas
|
| 655 |
|
9 |
|a handbooks and manuals
|2 eczenas
|
| 910 |
2 |
|
|a BOA001
|b 2-1300.996
|
| 990 |
|
|
|a BK
|
| 995 |
|
|
|a 01
|
| 991 |
|
|
|b 201303
|c NOV
|e n
|
| 996 |
6 |
|
|b 2610541674
|c 2-1300.996
|l MZK
|r Sklad / do 1 hodiny
|n 5
|p p.v.
|w 001316598
|u 000010
|a 1
|e BOA001
|j MZK50
|s P
|
| 996 |
6 |
|
|b 2610544487
|c 2-1300.996
|l MZK
|r STM 6p
|n 0
|p kup
|h 694 PEŠ
|w 001316598
|u 000020
|a 0
|e BOA001
|j MZK50
|s P
|
| 996 |
7 |
|
|b 2610544488
|c 2-1300.996
|l Vol.výběr
|r VV 1p
|n 30
|p kup
|h 694 PEŠ
|w 001316598
|u 000030
|a 0
|e BOA001
|j MZK50
|s A
|